Normal view
MARC view
- Nasir, Jehanzeb
Entry Personal Name
001 - CONTROL NUMBER
- control field: 125532
003 - CONTROL NUMBER IDENTIFIER
- control field: NUST
005 - DATE AND TIME OF LATEST TRANSACTION
- control field: 20240829163341.0
008 - FIXED-LENGTH DATA ELEMENTS
- fixed length control field: 240829|| aca||aabn | a|a d
040 ## - CATALOGING SOURCE
- Original cataloging agency: NUST
- Transcribing agency: NUST
100 ## - HEADING--PERSONAL NAME
- Personal name: Nasir, Jehanzeb
670 ## - SOURCE DATA FOUND
- Source citation: Work cat.: (NUST): Nasir, Jehanzeb, Evaluation of Pumped Storage Hydropower and its integration with Variable Renewable Energy Generation in National Grid of Pakistan /
